Fehrist e Makhtootat (فہرست مخطوطات عربی فارسی) (Record no. 102365)
[ view plain ]
| 000 -LEADER | |
|---|---|
| fixed length control field | 00489nam a22001457a 4500 |
| 005 - DATE AND TIME OF LATEST TRANSACTION | |
| control field | 20180129113308.0 |
| 008 - FIXED-LENGTH DATA ELEMENTS--GENERAL INFORMATION | |
| fixed length control field | 180129b xxu||||| |||| 00| 0 eng d |
| 040 ## - CATALOGING SOURCE | |
| Transcribing agency | PK-LaUMT |
| 082 ## - DEWEY DECIMAL CLASSIFICATION NUMBER | |
| Classification number | PKAC 015 |
| Item number | MAT-F |
| 100 ## - MAIN ENTRY--PERSONAL NAME | |
| Personal name | Mateen Hashmi , Muhammad |
| 245 ## - TITLE STATEMENT | |
| Title | Fehrist e Makhtootat (فہرست مخطوطات عربی فارسی) |
| Statement of responsibility, etc | Muhammad Mateen Hashmi |
| 260 ## - PUBLICATION, DISTRIBUTION, ETC. (IMPRINT) | |
| Place of publication, distribution, etc | لاہور؛ |
| Name of publisher, distributor, etc | مرکزی تحقیق دیال سنگھ ٹرسٹ لایبریری، |
| Date of publication, distribution, etc | [ ] |
| 300 ## - PHYSICAL DESCRIPTION | |
| Extent | 391 |
| 942 ## - ADDED ENTRY ELEMENTS (KOHA) | |
| Koha item type | Books |
| Withdrawn status | Lost status | Damaged status | Home library | Current library | Date acquired | Full call number | Barcode | Date last seen | Copy number | Price effective from | Koha item type |
|---|---|---|---|---|---|---|---|---|---|---|---|
| UMT Main Campus | UMT Main Campus | 2018-01-29 | PKAC 015 MAT-F | 118397 | 2018-01-29 | V-2 | 2018-01-29 | Books | |||
| UMT Main Campus | UMT Main Campus | 2018-01-29 | PKAC 015 MAT-F | 118400 | 2018-01-29 | V-4 | 2018-01-29 | Books | |||
| UMT Main Campus | UMT Main Campus | 2018-01-29 | PKAC 015 MAT-F | 118399 | 2018-01-29 | V-5 | 2018-01-29 | Books | |||
| UMT Main Campus | UMT Main Campus | 2018-01-29 | PKAC 015 MAT-F | 118401 | 2018-01-29 | V-3 | 2018-01-29 | Books | |||
| UMT Main Campus | UMT Main Campus | 2018-01-29 | PKAC 015 MAT-F | 118398 | 2018-01-29 | 2018-01-29 | Books |
